<?xml version="1.0" encoding="UTF-8"?>
<collection xmlns="http://www.loc.gov/MARC21/slim">
 <record>
  <leader>05653ntm a22005537a 4500</leader>
  <controlfield tag="001">000201609</controlfield>
  <controlfield tag="003">CZ-PrVSE</controlfield>
  <controlfield tag="005">20110703181257.0</controlfield>
  <controlfield tag="006">m        d</controlfield>
  <controlfield tag="007">cr n||||||||||</controlfield>
  <controlfield tag="008">110703s2011    xr     fsbm   000 0 cze d</controlfield>
  <datafield tag="STA" ind1=" " ind2=" ">
   <subfield code="a">NEZPRACOVANÝ IMPORT</subfield>
  </datafield>
  <datafield tag="040" ind1=" " ind2=" ">
   <subfield code="a">ABA006</subfield>
   <subfield code="b">cze</subfield>
   <subfield code="c">ABA006</subfield>
   <subfield code="d">ABA006</subfield>
  </datafield>
  <datafield tag="100" ind1="1" ind2=" ">
   <subfield code="a">Cícha, Martin</subfield>
   <subfield code="%">ISIS:7007</subfield>
   <subfield code="4">dis</subfield>
  </datafield>
  <datafield tag="242" ind1="1" ind2="0">
   <subfield code="a">Information Extraction of Probability and Risk of Returns using Options Prices</subfield>
   <subfield code="y">eng</subfield>
  </datafield>
  <datafield tag="245" ind1="1" ind2="0">
   <subfield code="a">Extrakce informací o pravděpodobnosti a riziku výnosů z cen opcí</subfield>
   <subfield code="h">[elektronický zdroj] /</subfield>
   <subfield code="c">Martin Cícha</subfield>
  </datafield>
  <datafield tag="260" ind1=" " ind2=" ">
   <subfield code="c">2011</subfield>
  </datafield>
  <datafield tag="300" ind1=" " ind2=" ">
   <subfield code="a">?? s. :</subfield>
   <subfield code="3">digital, PDF soubor</subfield>
  </datafield>
  <datafield tag="500" ind1=" " ind2=" ">
   <subfield code="a">Vedoucí práce: Jiří Trešl</subfield>
  </datafield>
  <datafield tag="502" ind1=" " ind2=" ">
   <subfield code="a">Disertační práce (Ph.D.)—Vysoká škola ekonomická v Praze. Fakulta informatiky a statistiky, 2011</subfield>
  </datafield>
  <datafield tag="504" ind1=" " ind2=" ">
   <subfield code="a">Obsahuje bibliografii</subfield>
  </datafield>
  <datafield tag="516" ind1=" " ind2=" ">
   <subfield code="a">Textový (vysokoškolská kvalifikační práce)</subfield>
  </datafield>
  <datafield tag="518" ind1=" " ind2=" ">
   <subfield code="a">Rok obhajoby 2011</subfield>
  </datafield>
  <datafield tag="520" ind1="3" ind2=" ">
   <subfield code="a">Problematika předpovědi budoucí ceny rizikového finančního aktiva přitahuje jak akademický svět, tak obchodníky prakticky od vzniku burzy. I vzhledem k právě ukončené finanční krizi, která byla největší krizí od doby Velké hospodářské krize, je patrné, že výzkum v této oblasti stále není ukončen a naopak přináší nové výzvy. Hlavním cílem této disertační práce je demonstrace významného informačního potenciálu tržních cen opcí, který se týká předpovědi pravděpodobnostního rozdělení výnosu podkladového aktiva a rizikovosti toho výnosu. Další cíle práce leží v konstrukci předpovědi rozdělení ceny podkladového aktiva pomocí parametrického a neparametrického odhadu, ve zpřesnění tohoto odhadu pomocí užitkové funkce reprezentativního investora, v popisu aktuálního sentimentu trhu a ve stanovení rizikové prémie, obzvláště pak rizikové prémie českého trhu. Práce se zaměřuje na předpověď pravděpodobnostního rozdělení ceny podkladového aktiva ze současných tržních cen opcí pomocí parametrických i neparametrických odhadů hustoty ceny podkladového aktiva. Získané pravděpodobnostní rozdělení ceny aktiva je popsáno pomocí momentových charakteristik, které představují cenný nástroj pro analýzu současného tržního sentimentu. Pravděpodobnostní rozdělení ceny podkladového aktiva implikované současnými cenami opcí je dle teorie rizikově neutrální, tj. platí pouze pro rizikově neutrální investory. Z teorie plyne, že rozdělení reálného světa lze odvodit z rizikově neutrálního rozdělení za pomoci užitkové funkce reprezentativního investora. Zahrnutím užitku reprezentativního investora ze zisku či ze ztráty dojde ke zpřesnění předpovědi rozdělení ceny podkladového aktiva. V práci jsou nejprve uvažovány užitkové funkce klasické teorie užitku od jednoduché mocninné funkce po obecnou funkci hyperbolické</subfield>
  </datafield>
  <datafield tag="520" ind1="8" ind2=" ">
   <subfield code="a">Práce dále odpovídá na otázku: Nejsou již současné ceny aktiv na tak vysoké úrovni, že koupí aktiva dojde ke gamblingu? V práci je odvozena riziková prémii spojená s investicí do rizikového aktiva. Rizikovou prémii lze chápat jako přirážku, kterou požaduje investor za investici do rizikového aktiva oproti investici do aktiva bezrizikového. Veškeré teoretické postupy navržené v této práci jsou demonstrovány na reálných datech dvou rozdílných trhů. Rozvíjející se trh je zastoupen akcií ČEZ a rozvinutý trh je zastoupen S&amp;P 500 futures. Práce obsahuje demonstrace nejenom k jednomu časovému okamžiku, ale zabývá se celou dostupnou historií. V dostupné historii dat je tedy zkonstruován celý pravděpodobnostní vývoj předpovědí ceny podkladového aktiva a z něho plynoucí vývoj rizikové prémie. Definovaných cílů práce bylo dosaženo. Přínosy disertační práce leží hlavně ve vybudování metodologie parametrického i neparametrického odhadu pravděpodobnostního rozdělení ceny podkladového aktiva z tržních cen opčních instrumentů tak, aby byla zachycena specifika jednotlivých trhů a instrumentů, a posléze v konstrukci pravděpodobnostního vývoje předpovědí ceny podkladového aktiva a z něho odvozeného vývoje sentimentu trhu. Dalším přínosem práce je konstrukce rizikové prémie jednotlivých trhů v dostupné historii a formulace hypotézy o gamblingu trhu, který předchází krizi.</subfield>
  </datafield>
  <datafield tag="538" ind1=" " ind2=" ">
   <subfield code="a">Způsob přístupu: Internet</subfield>
  </datafield>
  <datafield tag="690" ind1=" " ind2=" ">
   <subfield code="a">užitek investora</subfield>
  </datafield>
  <datafield tag="690" ind1=" " ind2=" ">
   <subfield code="a">oceňování aktiv</subfield>
  </datafield>
  <datafield tag="690" ind1=" " ind2=" ">
   <subfield code="a">test předpovědní schopnosti odhadu distribuce</subfield>
  </datafield>
  <datafield tag="690" ind1=" " ind2=" ">
   <subfield code="a">neparametrický odhad</subfield>
  </datafield>
  <datafield tag="690" ind1=" " ind2=" ">
   <subfield code="a">parametrický odhad</subfield>
  </datafield>
  <datafield tag="690" ind1=" " ind2=" ">
   <subfield code="a">předpověď distribuce</subfield>
  </datafield>
  <datafield tag="690" ind1=" " ind2=" ">
   <subfield code="a">riziková prémie</subfield>
  </datafield>
  <datafield tag="653" ind1="0" ind2=" ">
   <subfield code="a">statistika [obor disert. práce]</subfield>
  </datafield>
  <datafield tag="655" ind1=" " ind2="7">
   <subfield code="a">disertace</subfield>
   <subfield code="7">fd132024</subfield>
   <subfield code="2">czenas</subfield>
  </datafield>
  <datafield tag="655" ind1=" " ind2="9">
   <subfield code="a">dissertations</subfield>
   <subfield code="2">eczenas</subfield>
  </datafield>
  <datafield tag="700" ind1="1" ind2=" ">
   <subfield code="a">Trešl, Jiří,</subfield>
   <subfield code="d">1947-2011</subfield>
   <subfield code="7">xx0009468</subfield>
   <subfield code="4">ths</subfield>
  </datafield>
  <datafield tag="700" ind1="1" ind2=" ">
   <subfield code="a">Cipra, Tomáš,</subfield>
   <subfield code="d">1952-</subfield>
   <subfield code="7">xx0011487</subfield>
   <subfield code="4">opn</subfield>
  </datafield>
  <datafield tag="710" ind1="2" ind2=" ">
   <subfield code="a">Vysoká škola ekonomická v Praze.</subfield>
   <subfield code="b">Fakulta informatiky a statistiky</subfield>
   <subfield code="7">kn20010709399</subfield>
  </datafield>
  <datafield tag="856" ind1="4" ind2="0">
   <subfield code="u">https://isis.vse.cz/zp/14588/podrobnosti</subfield>
   <subfield code="y">VŠKP v InSIS</subfield>
  </datafield>
  <datafield tag="856" ind1="4" ind2="0">
   <subfield code="u">https://aleph.vse.cz/neverejny_soubor_prace.pdf</subfield>
   <subfield code="y">Hlavní práce</subfield>
  </datafield>
  <datafield tag="856" ind1="4" ind2="0">
   <subfield code="u">https://aleph.vse.cz/neverejny_soubor_prace.pdf</subfield>
   <subfield code="y">Hodnocení vedoucího</subfield>
  </datafield>
  <datafield tag="856" ind1="4" ind2="0">
   <subfield code="u">https://aleph.vse.cz/neverejny_soubor_prace.pdf</subfield>
   <subfield code="y">Oponentura</subfield>
  </datafield>
  <datafield tag="999" ind1="4" ind2="0">
   <subfield code="u">http://isis.vse.cz/zp/85435/podrobnosti</subfield>
   <subfield code="y">dc:identifier</subfield>
  </datafield>
  <datafield tag="993" ind1=" " ind2=" ">
   <subfield code="x">NEPOSILAT</subfield>
   <subfield code="y">VSKP</subfield>
  </datafield>
  <datafield tag="999" ind1="4" ind2="5">
   <subfield code="x">85435</subfield>
  </datafield>
  <datafield tag="999" ind1="4" ind2="9">
   <subfield code="a">vse14588</subfield>
   <subfield code="b">110630</subfield>
  </datafield>
 </record>
</collection>
